00314 2200145 4500245002700000250001100027100001200038650001600050005001900066260001800085041001400103084001400117500002800131336000900159 aKue ApecAndhikahText aCet. 1 aAndhika aKarya Siswa a20250925103203 aJakartac2025 aIndonesia a081 AND k aKarya Siswa Kelas X-DKV atext